[Event "POL-chT 2nd League"]
[Site "Sypniewo"]
[Date "2021.09.10"]
[Round "7.14"]
[White "Wasik, Roman"]
[Black "Kozlowski, Tomasz"]
[Result "0-1"]
[WhiteElo "1355"]
[BlackElo "1775"]
[PlyCount "92"]
[EventDate "2021.09.04"]
[EventType "team-swiss"]
[EventRounds "9"]
[EventCountry "POL"]
[SourceTitle "CBM 204 Extra"]
[Source "ChessBase"]
[SourceDate "2021.11.30"]
[SourceVersion "1"]
[SourceVersionDate "2021.11.30"]
[SourceQuality "1"]
[WhiteTeam "Rzeszow RzKSz"]
[BlackTeam "Srem LKS Piast"]
[WhiteTeamCountry "POL"]
[BlackTeamCountry "POL"]

1. Nf3 Nf6 2. c4 e6 3. d4 Bb4+ 4. Nc3 c5 5. e3 0-0 6. Bd3 d5 7. Bd2 Nc6 8. a3 Bxc3 9. Bxc3 cxd4 10. exd4 Ne4 11. Bxe4 dxe4 12. Ne5 Qg5 13. Qg4 Qxg4 14. Nxg4 Rd8 15. Rd1 Bd7 16. 0-0 Ne7 17. b3 Rac8 18. a4 Ng6 19. Ne5 Bc6 20. Nxc6 Rxc6 21. g3 Rcd6 22. Rfe1 f5 23. Kg2 Ne5 24. Re2 Nf3 25. g4 g6 26. h3 Nxd4 27. Red2 e5 28. b4 Kf7 29. c5 Rd5 30. Bxd4 Rxd4 31. Rxd4 exd4 32. Kg3 Kf6 33. gxf5 Kxf5 34. b5 Ke5 35. a5 Rc8 36. Rc1 Kd5 37. a6 bxa6 38. c6 axb5 39. c7 d3 40. Kf4 Kd4 41. Rc6 b4 42. f3 exf3 43. Kxf3 b3 44. Rd6+ Kc3 45. Ke3 Rxc7 46. Rxd3+ Kc2 0-1

[Event "Poznan op 27th"]
[Site "Poznan"]
[Date "2019.08.22"]
[Round "6"]
[White "Huchwajda, Grzegorz"]
[Black "Kozlowski, Tomasz"]
[Result "0-1"]
[WhiteElo "1470"]
[BlackElo "1835"]
[PlyCount "114"]
[EventDate "2019.08.18"]
[EventType "swiss"]
[EventRounds "9"]
[EventCountry "POL"]
[SourceTitle "EXT 2020"]
[Source "ChessBase"]
[SourceDate "2019.10.17"]
[SourceVersion "1"]
[SourceVersionDate "2019.10.17"]
[SourceQuality "1"]

1. e4 Nf6 2. e5 Nd5 3. d4 d6 4. Nf3 Bg4 5. Be2 e6 6. h3 Bh5 7. 0-0 Nc6 8. c4 Nb6 9. exd6 cxd6 10. d5 Bxf3 11. Bxf3 exd5 12. Re1+ Be7 13. Bxd5 0-0 14. Nc3 Nxd5 15. Nxd5 Qd7 16. b3 f6 17. Bb2 Rf7 18. Qd2 Bf8 19. Rad1 b6 20. Ba3 Rd8 21. Nc3 Qf5 22. Nd5 Ne5 23. f4 Nc6 24. Qd3 Qc8 25. Bb2 Ne7 26. Kh1 Nxd5 27. Qxd5 Qd7 28. Re2 a6 29. Rc1 Rc8 30. Ree1 Rc5 31. Qe6 Re5 32. Qxd7 Rxe1+ 33. Rxe1 Rxd7 34. Bc3 Kf7 35. Rd1 Rc7 36. Bb4 Ke6 37. g4 g6 38. Kg2 a5 39. Re1+ Kd7 40. Ba3 b5 41. Rc1 b4 42. Bb2 Be7 43. Kf3 Ra7 44. Ke4 a4 45. Ra1 Ra5 46. Rd1 axb3 47. axb3 f5+ 48. Kf3 Ra2 49. Bd4 Kc6 50. Ra1 Rc2 51. Kg3 Rd2 52. Be3 Rd3 53. Kf3 Rxb3 54. Ke2 Ra3 55. Rxa3 bxa3 56. Bd4 d5 57. Kd3 Bd6 0-1

[Event "Poznan op 27th"]
[Site "Poznan"]
[Date "2019.08.19"]
[Round "3"]
[White "Kozlowski, Tomasz"]
[Black "Geselle, Roman"]
[Result "1-0"]
[WhiteElo "1835"]
[BlackElo "1402"]
[PlyCount "45"]
[EventDate "2019.08.18"]
[EventType "swiss"]
[EventRounds "9"]
[EventCountry "POL"]
[SourceTitle "EXT 2020"]
[Source "ChessBase"]
[SourceDate "2019.10.17"]
[SourceVersion "1"]
[SourceVersionDate "2019.10.17"]
[SourceQuality "1"]

1. e4 e5 2. Nf3 d6 3. d4 Bg4 4. dxe5 Bxf3 5. Qxf3 dxe5 6. Bc4 Nf6 7. Qb3 Qe7 8. Qxb7 Qb4+ 9. Qxb4 Bxb4+ 10. c3 Bc5 11. f3 0-0 12. Bg5 Nbd7 13. Nd2 h6 14. Bh4 g5 15. Bf2 Bxf2+ 16. Kxf2 Nb6 17. Be2 Rfd8 18. Rhd1 Na4 19. Nc4 Kf8 20. Rxd8+ Rxd8 21. Rd1 Rxd1 22. Bxd1 Nd7 23. Bxa4 1-0

[Event "Poznan op 26th"]
[Site "Poznan"]
[Date "2018.08.19"]
[Round "2"]
[White "Kozlowski, Tomasz"]
[Black "Zakrzewski, Marek"]
[Result "0-1"]
[WhiteElo "1858"]
[BlackElo "2333"]
[PlyCount "82"]
[EventDate "2018.08.19"]
[EventType "swiss"]
[EventRounds "9"]
[EventCountry "POR"]
[SourceTitle "CBM 186 Extra"]
[Source "ChessBase"]
[SourceDate "2018.08.24"]
[SourceVersion "1"]
[SourceVersionDate "2018.08.24"]
[SourceQuality "1"]

1. e4 c5 2. Nf3 e6 3. c3 d5 4. e5 d4 5. cxd4 cxd4 6. Bb5+ Bd7 7. Nxd4 Bxb5 8. Nxb5 a6 9. N5c3 Nc6 10. 0-0 Qd4 11. Ne2 Qxe5 12. d4 Qc7 13. Nbc3 Nf6 14. Qa4 Bd6 15. d5 Nxd5 16. Nxd5 exd5 17. Nf4 0-0 18. Nxd5 Bxh2+ 19. Kh1 Qe5 20. Nb6 Qh5 21. Qd1 Qh4 22. Bg5 Qxg5 23. Nxa8 Qh4 24. Qd7 f5 25. Qd5+ Kh8 26. g3 Bxg3+ 27. Kg2 Be5 28. Rg1 Rxa8 29. Rae1 Qg4+ 30. Kf1 Qh3+ 31. Rg2 Qh1+ 32. Ke2 Nd4+ 33. Kd1 Qh5+ 34. Kc1 Rc8+ 35. Kb1 Qf3 36. Qxf3 Nxf3 37. Rd1 g5 38. Rd7 g4 39. a4 Rc7 40. Rd8+ Kg7 41. Rd3 Ne1 0-1

[Event "Wroclaw op"]
[Site "Wroclaw"]
[Date "2018.08.02"]
[Round "6"]
[White "Keuning, Selwin"]
[Black "Kozlowski, Tomasz"]
[Result "1/2-1/2"]
[WhiteElo "2030"]
[BlackElo "1825"]
[PlyCount "103"]
[EventDate "2018.07.30"]
[EventType "swiss"]
[EventRounds "9"]
[EventCountry "POL"]
[SourceTitle "CBM 185 Extra"]
[Source "ChessBase"]
[SourceDate "2018.07.29"]
[SourceVersion "1"]
[SourceVersionDate "2018.07.29"]
[SourceQuality "1"]

1. e4 e6 2. d3 d5 3. Nd2 c5 4. g3 Nf6 5. Bg2 Nc6 6. Ngf3 dxe4 7. dxe4 e5 8. c3 Bg4 9. Qc2 Qd7 10. h3 Bh5 11. Nc4 0-0-0 12. g4 Qe6 13. Ne3 Bg6 14. Nh4 Kb8 15. Nxg6 hxg6 16. Bd2 Be7 17. Qa4 Ne8 18. 0-0-0 Bh4 19. f3 Nc7 20. Qb3 Qxb3 21. axb3 Bg5 22. Nd5 Bxd2+ 23. Rxd2 Na5 24. Kc2 Nxd5 25. exd5 Rd6 26. c4 g5 27. Ra1 b6 28. Kc3 Rhd8 29. Re2 f6 30. Rh1 Rh8 31. Bf1 Nb7 32. b4 cxb4+ 33. Kxb4 Nc5 34. Kc3 a5 35. Reh2 Rh4 36. b4 axb4+ 37. Kxb4 Kb7 38. Kc3 Rd8 39. Ra2 Rhh8 40. Bg2 Ra8 41. Rha1 Rxa2 42. Rxa2 Rd8 43. Ra1 Rc8 44. Ra3 Rd8 45. Ra2 Rc8 46. Ra3 Rd8 47. Bf1 Rh8 48. Kd2 Re8 49. Ke1 Rc8 50. Kf2 Rh8 51. Kg3 Rc8 52. Kf2 1/2-1/2

[Event "Wroclaw op"]
[Site "Wroclaw"]
[Date "2018.08.01"]
[Round "4"]
[White "Kozlowski, Tomasz"]
[Black "Kubicka, Anna"]
[Result "0-1"]
[WhiteElo "1825"]
[BlackElo "2172"]
[PlyCount "54"]
[EventDate "2018.07.30"]
[EventType "swiss"]
[EventRounds "9"]
[EventCountry "POL"]
[SourceTitle "CBM 185 Extra"]
[Source "ChessBase"]
[SourceDate "2018.07.29"]
[SourceVersion "1"]
[SourceVersionDate "2018.07.29"]
[SourceQuality "1"]

1. e4 c5 2. Nc3 a6 3. a4 Nc6 4. f4 e6 5. Nf3 d5 6. d3 Nge7 7. g3 g6 8. Bg2 Bg7 9. Qe2 0-0 10. 0-0 Nd4 11. Nxd4 cxd4 12. Nb1 dxe4 13. Bxe4 Rb8 14. c4 dxc3 15. Nxc3 b5 16. axb5 axb5 17. Be3 b4 18. Na4 Nd5 19. Bf2 Ba6 20. Nc5 Bb5 21. Ra7 Qf6 22. Bxd5 exd5 23. b3 Qc3 24. Qe7 Bxd3 25. Rd1 Bf5 26. Ra2 Qf3 27. Rf1 Bh3 0-1

[Event "Poznan op 25th"]
[Site "Poznan"]
[Date "2017.08.25"]
[Round "7"]
[White "Kupsik, Joanna"]
[Black "Kozlowski, Tomasz"]
[Result "0-1"]
[WhiteElo "1703"]
[BlackElo "1918"]
[PlyCount "92"]
[EventDate "2017.08.20"]
[EventType "swiss"]
[EventRounds "9"]
[EventCountry "POL"]
[SourceTitle "CBM 180 Extra"]
[Source "ChessBase"]
[SourceDate "2017.10.06"]
[SourceVersion "1"]
[SourceVersionDate "2017.10.06"]
[SourceQuality "1"]

1. e4 d5 2. exd5 Nf6 3. Nf3 Bg4 4. Be2 Nxd5 5. h3 Bxf3 6. Bxf3 Nc6 7. d4 e6 8. 0-0 Qh4 9. c4 Nb6 10. d5 0-0-0 11. b3 exd5 12. cxd5 Ne5 13. Nc3 Bd6 14. Be3 Nxf3+ 15. Qxf3 Kb8 16. Rac1 Rhe8 17. Nb5 Nxd5 18. Bxa7+ Kc8 19. Qf5+ Re6 20. Qxf7 Qe4 21. Rc4 Qe5 22. Nxd6+ Rexd6 23. Rfc1 R6d7 24. Qf3 b6 25. Bxb6 Nxb6 26. g3 Qd5 27. Qxd5 Nxd5 28. a4 Nb6 29. Rc6 Rd1+ 30. Kg2 Rxc1 31. Rxc1 Rd3 32. a5 Nd5 33. Rc5 Nb4 34. Rb5 Na6 35. b4 Rd4 36. Rg5 Rxb4 37. Rxg7 c5 38. Rxh7 c4 39. Re7 c3 40. Re2 Rb2 41. Re1 Nb4 42. Rc1 c2 43. g4 Nd3 44. Rxc2+ Rxc2 45. Kg3 Nxf2 46. h4 Rc4 0-1

[Event "Poznan op 25th"]
[Site "Poznan"]
[Date "2017.08.24"]
[Round "6"]
[White "Kozlowski, Tomasz"]
[Black "Grochowski, Michal"]
[Result "1-0"]
[WhiteElo "1918"]
[BlackElo "1616"]
[PlyCount "61"]
[EventDate "2017.08.20"]
[EventType "swiss"]
[EventRounds "9"]
[EventCountry "POL"]
[SourceTitle "CBM 180 Extra"]
[Source "ChessBase"]
[SourceDate "2017.10.06"]
[SourceVersion "1"]
[SourceVersionDate "2017.10.06"]
[SourceQuality "1"]

1. e4 c5 2. Nc3 a6 3. a4 e6 4. g3 d5 5. Bg2 dxe4 6. Nxe4 Nc6 7. Ne2 Nf6 8. Nxf6+ Qxf6 9. d3 Bd7 10. h4 h6 11. Nc3 Rb8 12. 0-0 Qd8 13. Bf4 g5 14. Bxb8 Qxb8 15. h5 Bg7 16. Ne4 b6 17. Re1 f5 18. Nc3 Kf7 19. Qd2 Re8 20. Rab1 Re7 21. Ne2 Ne5 22. b4 Qc7 23. bxc5 bxc5 24. d4 Nc4 25. Qd3 cxd4 26. Nxd4 Ne5 27. Qxa6 Ng4 28. Nxf5 Qxc2 29. Nd6+ Kg8 30. Rb8+ Kh7 31. Be4+ 1-0

[Event "Poznan op 25th"]
[Site "Poznan"]
[Date "2017.08.20"]
[Round "1"]
[White "Szafranski, Maciej"]
[Black "Kozlowski, Tomasz"]
[Result "0-1"]
[WhiteElo "1439"]
[BlackElo "1918"]
[PlyCount "74"]
[EventDate "2017.08.20"]
[EventType "swiss"]
[EventRounds "9"]
[EventCountry "POL"]
[SourceTitle "CBM 180 Extra"]
[Source "ChessBase"]
[SourceDate "2017.10.06"]
[SourceVersion "1"]
[SourceVersionDate "2017.10.06"]
[SourceQuality "1"]

1. e4 d5 2. exd5 Nf6 3. d4 Bg4 4. Be2 Bxe2 5. Nxe2 Qxd5 6. 0-0 Nc6 7. c4 Qxc4 8. Nbc3 0-0-0 9. b3 Qe6 10. Be3 Qd7 11. a4 e5 12. dxe5 Qf5 13. Qc1 Ng4 14. f4 Qd3 15. Bf2 Nxf2 16. Kxf2 Bc5+ 17. Ke1 Be3 18. Qb2 Bd2+ 19. Qxd2 Qxd2+ 20. Kf2 Rd3 21. Kg1 Rxc3 22. Nxc3 Qxc3 23. Rab1 Qe3+ 24. Kh1 Rd8 25. b4 Rd2 26. Rbe1 Re2 27. Rc1 Qe4 28. Rg1 Qxf4 29. Rcf1 Rf2 30. Rc1 Nd4 31. Rc3 Ne2 32. h3 Ng3+ 33. Rxg3 Qxg3 34. b5 g5 35. b6 axb6 36. a5 bxa5 37. h4 Qxh4# 0-1

[Event "Poznan op 24th"]
[Site "Poznan"]
[Date "2016.08.13"]
[Round "6"]
[White "Kozlowski, Tomasz"]
[Black "Steczek, Malgorzata"]
[Result "1-0"]
[WhiteElo "1903"]
[BlackElo "1768"]
[PlyCount "132"]
[EventDate "2016.08.08"]
[EventType "swiss"]
[EventRounds "9"]
[EventCountry "POL"]
[SourceTitle "CBM 173 Extra"]
[Source "ChessBase"]
[SourceDate "2016.08.29"]
[SourceVersion "1"]
[SourceVersionDate "2016.08.29"]
[SourceQuality "1"]

1. e4 e5 2. d4 exd4 3. c3 dxc3 4. Nxc3 Bb4 5. Qd4 Bxc3+ 6. Qxc3 Nf6 7. Bg5 0-0 8. e5 Re8 9. Ne2 Ne4 10. Bxd8 Nxc3 11. Nxc3 Rxd8 12. Nd5 Na6 13. Bxa6 bxa6 14. 0-0-0 Bb7 15. Kb1 Bxd5 16. Rxd5 Kf8 17. Rc1 c6 18. Ra5 Rab8 19. Rxa6 Rb7 20. Rc5 Ke7 21. b3 Ra8 22. Kc2 Rb4 23. Kd3 Ke6 24. Ke3 Rh4 25. h3 g5 26. Rca5 h5 27. Rxa7 Rxa7 28. Rxa7 g4 29. hxg4 Rxg4 30. g3 Rg5 31. Ra8 Rxe5+ 32. Kf3 Rb5 33. Re8+ Kf6 34. Ke4 Rb4+ 35. Kd3 h4 36. gxh4 Rxh4 37. Re2 d5 38. Rc2 Ke5 39. Rxc6 Rh3+ 40. Kd2 Rf3 41. Ke2 Ke4 42. Rc7 Rf6 43. Ra7 Kd4 44. Rc7 Ra6 45. Rc2 Rb6 46. Rd2+ Kc5 47. Kd3 Rf6 48. Kc3 Rf3+ 49. Kb2 f5 50. Ka3 Rf4 51. b4+ Kc4 52. Rc2+ Kd3 53. Rb2 Rc4 54. b5 Rc8 55. Kb4 d4 56. b6 Rb8 57. Kc5 Rc8+ 58. Kd6 Kc3 59. Rb3+ Kc2 60. b7 Rb8 61. Kc7 Rxb7+ 62. Rxb7 d3 63. Rb8 d2 64. Rd8 d1Q 65. Rxd1 Kxd1 66. f4 Ke2 1-0

[Event "Poznan op 24th"]
[Site "Poznan"]
[Date "2016.08.11"]
[Round "4"]
[White "Kozlowski, Tomasz"]
[Black "Mietkiewicz, Jacek"]
[Result "0-1"]
[WhiteElo "1903"]
[BlackElo "1687"]
[PlyCount "85"]
[EventDate "2016.08.08"]
[EventType "swiss"]
[EventRounds "9"]
[EventCountry "POL"]
[SourceTitle "CBM 173 Extra"]
[Source "ChessBase"]
[SourceDate "2016.08.29"]
[SourceVersion "1"]
[SourceVersionDate "2016.08.29"]
[SourceQuality "1"]

1. e4 e6 2. Qe2 Be7 3. g3 d5 4. d3 c5 5. Bg2 Nc6 6. Nf3 Nf6 7. e5 Nd7 8. 0-0 b6 9. c4 d4 10. h4 h6 11. h5 Bb7 12. Bf4 Qc7 13. Na3 a6 14. Nc2 0-0-0 15. a3 g5 16. hxg6 fxg6 17. b4 g5 18. Bd2 g4 19. Nh2 h5 20. bxc5 bxc5 21. Rab1 Qxe5 22. Qd1 Qc7 23. Re1 e5 24. Nxg4 hxg4 25. Qxg4 Rdg8 26. Qf5 Rf8 27. Qg4 Qd6 28. Rb2 Qf6 29. f4 Qf5 30. Qf3 Ba8 31. Reb1 Qh5 32. Qd5 Qh2+ 33. Kf1 Qxg3 34. Ne1 Bh4 35. Ba5 Rxf4+ 36. Nf3 Rhf8 37. Kg1 Rxf3 38. Qd6 Bd8 39. Qd5 R3f6 40. Qe4 Rh8 41. Rb8+ Ncxb8 42. Rxb8+ Nxb8 43. Qg4+ 0-1

[Event "Poznan op 24th"]
[Site "Poznan"]
[Date "2016.08.10"]
[Round "3"]
[White "Baranowski, Adam"]
[Black "Kozlowski, Tomasz"]
[Result "0-1"]
[WhiteElo "1550"]
[BlackElo "1903"]
[PlyCount "104"]
[EventDate "2016.08.08"]
[EventType "swiss"]
[EventRounds "9"]
[EventCountry "POL"]
[SourceTitle "CBM 173 Extra"]
[Source "ChessBase"]
[SourceDate "2016.08.29"]
[SourceVersion "1"]
[SourceVersionDate "2016.08.29"]
[SourceQuality "1"]

1. e4 e6 2. d4 d5 3. exd5 exd5 4. Nf3 Bd6 5. Bd3 Bg4 6. c3 Ne7 7. Bg5 f6 8. Bh4 Nbc6 9. Nbd2 Qd7 10. Bg3 Bxg3 11. hxg3 0-0-0 12. Qe2 Rde8 13. 0-0-0 Nf5 14. Qf1 g6 15. Re1 Nd6 16. Re2 Bf5 17. Nb3 Bxd3 18. Rxe8+ Rxe8 19. Qxd3 Ne4 20. Rf1 Nd8 21. Nfd2 Qf5 22. Nxe4 dxe4 23. Qe3 Qb5 24. Re1 Nf7 25. Qf4 Qc6 26. g4 b6 27. f3 Ng5 28. Nd2 exf3 29. Rxe8+ Qxe8 30. gxf3 Qf7 31. Kc2 Kd7 32. c4 Ne6 33. Qe4 f5 34. Qd5+ Ke7 35. Qe5 Qf6 36. Qh2 Nxd4+ 37. Kd3 Ne6 38. Qxh7+ Kd8 39. gxf5 Qxf5+ 40. Kc3 Qe5+ 41. Kc2 Nd4+ 42. Kd3 Qe2+ 43. Kxd4 Qxd2+ 44. Ke4 Qc2+ 45. Kd5 Qf5+ 46. Kd4 Qf4+ 47. Kc3 Qxf3+ 48. Kc2 Qg2+ 49. Kc3 Kc8 50. Qg8+ Kb7 51. Qd5+ Qxd5 52. cxd5 Kc8 0-1

[Event "Poznan op 23rd"]
[Site "Poznan"]
[Date "2015.08.12"]
[Round "3"]
[White "Tomaszewski, Kacper"]
[Black "Kozlowski, Tomasz"]
[Result "1/2-1/2"]
[WhiteElo "2215"]
[BlackElo "1884"]
[PlyCount "72"]
[EventDate "2015.08.10"]
[EventType "swiss"]
[EventRounds "9"]
[EventCountry "POL"]
[SourceTitle "CBM 167 Extra"]
[Source "ChessBase"]
[SourceDate "2015.09.14"]
[SourceVersion "1"]
[SourceVersionDate "2015.09.14"]
[SourceQuality "1"]

1. d4 d5 2. c4 e6 3. Nc3 Nf6 4. cxd5 exd5 5. Bg5 Be7 6. e3 c6 7. Bd3 Ne4 8. Bxe7 Qxe7 9. Bxe4 dxe4 10. Nge2 Bg4 11. Qc2 Bxe2 12. Kxe2 f5 13. g4 Nd7 14. gxf5 Nf6 15. Qb3 0-0-0 16. Rhg1 Nd5 17. Nxd5 Rxd5 18. Qa3 Qf7 19. Raf1 Rxf5 20. Qb3 Rd5 21. f3 exf3+ 22. Rxf3 Qc7 23. Rg2 Re8 24. Kf1 Rd7 25. Rgf2 Rde7 26. Qd3 g6 27. d5 Qd6 28. Qd4 Qxd5 29. Qxa7 Qd3+ 30. Kg2 Qd5 31. Kg1 g5 32. Qa4 Re4 33. Qa8+ Kc7 34. Rf7+ R8e7 35. Rxe7+ Rxe7 36. Qf8 Qd1+ 1/2-1/2

[Event "POL-chT3 Wielkopolskie 1415"]
[Site "Poland"]
[Date "2014.11.30"]
[Round "1.20"]
[White "Kozlowski, Tomasz"]
[Black "Witwicki, Pawel"]
[Result "0-1"]
[WhiteElo "1933"]
[BlackElo "1923"]
[PlyCount "76"]
[EventDate "2014.11.30"]
[EventType "team-tourn"]
[EventRounds "11"]
[EventCountry "POL"]
[SourceTitle "EXT 2019"]
[Source "ChessBase"]
[SourceDate "2018.10.10"]
[SourceVersion "1"]
[SourceVersionDate "2018.10.10"]
[SourceQuality "1"]

1. e4 g6 2. d4 Bg7 3. f4 d6 4. c3 e5 5. dxe5 dxe5 6. Qxd8+ Kxd8 7. Nf3 exf4 8. Bxf4 Bh6 9. Bxh6 Nxh6 10. Na3 Re8 11. 0-0-0+ Nd7 12. Bd3 Ng4 13. Rhe1 f6 14. h3 Nge5 15. Nxe5 Nxe5 16. Bb5+ Bd7 17. Bxd7 Nxd7 18. Rd4 Re7 19. Red1 Ke8 20. b4 Ne5 21. b5 a6 22. Ra4 Nd7 23. bxa6 Rxa6 24. Rxa6 bxa6 25. Rd4 Nc5 26. Rc4 Nxe4 27. Rc6 f5 28. Kc2 Kd7 29. Rxa6 Nc5 30. Ra5 Re2+ 31. Kb1 Ne4 32. Nb5 Rxg2 33. Ra7 Kc6 34. a4 f4 35. Rxc7+ Kb6 36. Rf7 f3 37. Kc1 Rg1+ 38. Kc2 f2 0-1

[Event "Poznan op 22nd"]
[Site "Poznan"]
[Date "2014.08.16"]
[Round "9"]
[White "Bednarska, Malgorzata"]
[Black "Kozlowski, Tomasz"]
[Result "1-0"]
[WhiteElo "2052"]
[BlackElo "1936"]
[PlyCount "97"]
[EventDate "2014.08.09"]
[EventType "swiss"]
[EventRounds "9"]
[EventCountry "POL"]
[SourceTitle "CBM 161 Extra"]
[Source "ChessBase"]
[SourceDate "2014.08.29"]
[SourceVersion "1"]
[SourceVersionDate "2014.08.29"]
[SourceQuality "1"]

1. e4 e6 2. d4 d5 3. Nc3 dxe4 4. Nxe4 Be7 5. Nf3 Nf6 6. Bd3 Nbd7 7. Qe2 0-0 8. Bd2 b6 9. 0-0-0 Bb7 10. Ne5 c5 11. Nxd7 Qxd7 12. dxc5 bxc5 13. Bc3 Nxe4 14. Bxe4 Bg5+ 15. Kb1 Qe7 16. Bxb7 Qxb7 17. h4 Bh6 18. g4 Bf4 19. Rh3 e5 20. Rhd3 Qb5 21. Qe4 Rae8 22. Rd7 a5 23. a3 Re6 24. Ra7 Qb8 25. Rxa5 Rd6 26. Rxd6 Qxd6 27. Ra8 Qd1+ 28. Ka2 Qxg4 29. Rxf8+ Kxf8 30. Qa8+ Ke7 31. Qb7+ Kf6 32. a4 Qe2 33. Qc6+ Kf5 34. a5 Qxc2 35. a6 c4 36. Qxc4 Qxf2 37. Qxf7+ Kg4 38. a7 Qf3 39. Qd7+ Kxh4 40. Be1+ Kh5 41. Qe8+ Kh6 42. a8Q Qe2 43. Qh1+ Bh2 44. Qe6+ g6 45. Qh3+ Kg7 46. Q3xh2 Qc4+ 47. Kb1 Qd3+ 48. Qc2 Qd5 49. Qxd5 1-0

[Event "Poznan op 22nd"]
[Site "Poznan"]
[Date "2014.08.12"]
[Round "5"]
[White "Font Purroy, Vicenc"]
[Black "Kozlowski, Tomasz"]
[Result "0-1"]
[WhiteElo "2121"]
[BlackElo "1936"]
[PlyCount "48"]
[EventDate "2014.08.09"]
[EventType "swiss"]
[EventRounds "9"]
[EventCountry "POL"]
[SourceTitle "CBM 161 Extra"]
[Source "ChessBase"]
[SourceDate "2014.08.29"]
[SourceVersion "1"]
[SourceVersionDate "2014.08.29"]
[SourceQuality "1"]

1. c4 e6 2. g3 d5 3. Bg2 Nf6 4. cxd5 exd5 5. d3 c6 6. Nf3 Bd6 7. Nc3 0-0 8. 0-0 Re8 9. a3 a5 10. Rb1 Na6 11. Bd2 Bg4 12. Be3 Qe7 13. Re1 Bc5 14. Bxc5 Qxc5 15. Rc1 Qa7 16. Qc2 Re7 17. Na4 Rae8 18. Kf1 Nd7 19. e3 Bxf3 20. Bxf3 d4 21. exd4 Rxe1+ 22. Rxe1 Rxe1+ 23. Kxe1 Qxd4 24. Qc4 Ne5 0-1

[Event "Poznan op 21st"]
[Site "Poznan"]
[Date "2013.08.12"]
[Round "7"]
[White "Schmidt, Wlodzimierz"]
[Black "Kozlowski, Tomasz"]
[Result "1/2-1/2"]
[WhiteElo "2375"]
[BlackElo "1961"]
[PlyCount "57"]
[EventDate "2013.08.07"]
[EventType "swiss"]
[EventRounds "9"]
[EventCountry "POL"]
[SourceTitle "CBM 155 Extra"]
[Source "ChessBase"]
[SourceDate "2013.08.26"]
[SourceVersion "1"]
[SourceVersionDate "2013.08.26"]
[SourceQuality "1"]

1. d4 d5 2. c4 e6 3. Nc3 c6 4. e3 Nf6 5. Nf3 Bd6 6. Bd3 Nbd7 7. 0-0 h6 8. e4 dxe4 9. Nxe4 Nxe4 10. Bxe4 Nf6 11. Bc2 Qa5 12. Re1 Qh5 13. Qd3 g5 14. Ne5 Ng4 15. Nxg4 Qxg4 16. Bd1 Qh4 17. g3 Qh3 18. d5 cxd5 19. Qxd5 Ke7 20. Qd4 e5 21. Bf3 Be6 22. Qe4 Rad8 23. b3 f5 24. Qxb7+ Rd7 25. Qa6 e4 26. Bg2 Qh5 27. Ba3 Bxa3 28. Qxa3+ Kf7 29. Qb2 1/2-1/2